LEADER 01060nam--2200361---450- 001 990003196720203316 005 20090213153706.0 010 $a978-1-58829-827-0 035 $a000319672 035 $aUSA01000319672 035 $a(ALEPH)000319672USA01 035 $a000319672 100 $a20090213h2008----km-y0itay50------ba 101 $aeng 102 $aUS 105 $aa---||||001yy 200 1 $aPlant virology protocols$efrom viral sequence to protein function$fGary D. Foster...[et al.] 205 $a2. ed. 210 $aTotowa$cHumana Press$d2008 215 $aXX, 667 p.$cill.$d24 cm 225 2 $aMethods in molecular biology$v451 410 0$12001$aMethods in molecular biology$v451 606 0 $aPiante$xVirologia$2BNCF 676 $a579.28 702 1$aFOSTER,$bGary D. 801 0$aIT$bsalbc$gISBD 912 $a990003196720203316 951 $a579.28 PLA$b5028 Farm.$c579$d00197379 959 $aBK 969 $aFAR 979 $aPAOLA$b90$c20090213$lUSA01$h1537 996 $aPlant virology protocols$9402082 997 $aUNISA